Are different levels of habitat description good surrogates of each other? : an example using coral reef geomorphology : [μεταπτυχιακή διατριβή]
Αποθηκεύτηκε σε:
| Κύριος συγγραφέας: | |
|---|---|
| Συλλογικό Έργο: | , |
| Άλλοι συγγραφείς: | |
| Μορφή: | Thesis Βιβλίο |
| Γλώσσα: | English |
| Δημοσίευση: |
2013
|
| Θέματα: | |
| Ετικέτες: |
Προσθήκη ετικέτας
Δεν υπάρχουν, Καταχωρήστε ετικέτα πρώτοι!
|
MARC
| LEADER | 00000cam a2200000 i 4500 | ||
|---|---|---|---|
| 001 | 1/56642 | ||
| 008 | 140919s2013 eng d | ||
| 035 | |l 10119215 | ||
| 040 | |a GR-MY-UA |b gre |e aacr | ||
| 041 | 0 | |a eng | |
| 082 | 0 | |a 578 |2 (22) | |
| 100 | 1 | |a Chabran-Poete, Laureline. | |
| 245 | 1 | 0 | |a Are different levels of habitat description good surrogates of each other? : |b an example using coral reef geomorphology : [μεταπτυχιακή διατριβή] / |c Chabran-Poete Laureline ; supervisor: Andrefouet Serge |
| 260 | |c 2013 | ||
| 300 | |a 41 σ.; |c 30 εκ. | ||
| 500 | |a Institut de recherche pour le developpement (IRD) UR 227 Coreus: Biocomplexite des ecosysteme Coralliens de l'Indo Pacifique | ||
| 502 | # | # | |a Διατριβή (μεταπτυχιακή) – Πανεπιστήμιο Αιγαίου, Λέσβος, 2012. |
| 650 | 0 | 0 | |a Coral reef ecology. |
| 650 | 0 | 0 | |a Marine ecology. |
| 650 | 0 | 0 | |a Dissertations, Academic |z Greece. |
| 700 | 1 | |a Andrefouet, Serge. |4 ths | |
| 710 | 2 | |a Πανεπιστήμιο Αιγαίου Ελληνογαλλικό Πρόγραμμα Μεταπτυχιακών Σπουδών Διατήρηση της Βιοποικιλότητας |b Σχολή Περιβάλλοντος. | |
| 710 | 2 | |a Universite des sciences et techniques du Languedoc. | |
| 852 | |a INST |b LESVOS |c DIATR |e 20140919 |h 79 |p 005100055039 |q 005100055039 |t MTXE |y 23 | ||
| 852 | |a INST |b LESVOS |c DIATR |e 20140919 |h 80 |p 005100055040 |q 005100055040 |t MTXE |y 23 | ||
| 901 | |a BIBL1-2014-3 | ||
| 909 | |a Λ |b 190838 | ||
| 909 | |a Λ |b 190839 | ||
| 924 | |a CHABRAN-POETE |b LAURELINE |y ΛΕΣΒΟΣ |z 2012-01 | ||
| 970 | |a ΤΖΑΦΕΡΗ |b ΕΥΑΓΓΕΛΙΑ |z 2014/09/19 | ||